000 00530nam a2200193Ia 4500
005 20250508164937.0
008 008 250505s9999 xx 000 0 hin d
037 _aDissertations
040 _aFEDL
_beng
_cFEDL
041 _ahin
_2eng
084 _a370.1, SHA/DI
_qFEDL
100 _aSharma Kavita
245 0 _aSwami Shardhanand ka shiksha me yogdaan
260 _c1993
300 _a59p.
546 _aM. Ed. Dissertation (Delhi University)
942 _cDIS
_h370.1, SHA/DI
999 _c1392181
_d1392181